| 000 | 00531nam a2200205Ia 4500 | ||
|---|---|---|---|
| 003 | OSt | ||
| 005 | 20230330143125.0 | ||
| 008 | 210423s1996 xx 000 0 und d | ||
| 020 | _a185919012X | ||
| 040 | _cAL | ||
| 041 | _aeng | ||
| 082 | _a791.43 WILC | ||
| 100 |
_aWILLIAMS (Christopher). _980205 |
||
| 245 | _aCinema: beginnings and the future. | ||
| 260 |
_aLondon _bUniversitity of Westminister Press _c1996 |
||
| 300 |
_a263 _bHB |
||
| 365 |
_b2453 _cINR |
||
| 906 | _aBeginnings ; Cinema ; future | ||
| 942 |
_2ddc _cBK |
||
| 999 |
_c157586 _d157586 |
||